000 00570nam a22001817a 4500
003 UA-OsUOA
001 17970
007 ta
008 20040407b un ||||| |||| 00| 0 ukr d
100 _aЗайванівський М.
942 _cSA
040 _aUA-OsUOA
_cUA-OsUOA
_dUA-OsUOA
245 _aЛітопис пишуть ентузіасти
_b[Рівнен. обл. краєзн. т-ву - 15 р.]
300 _aС.3
955 _a0
773 0 _w0
_tВісті Рівненщини
_dРівне
_d2004
_g№31/31 берез./
650 7 _aКраєзнавство
_2UDC
999 _c304140
_d304140